| 000 | 02514nam a2200265 a 4500 | ||
|---|---|---|---|
| 001 | 991025953549706706 | ||
| 005 | 20250514140816.0 | ||
| 008 | 040618s2003 spc|||||| 000 f|spa | ||
| 020 | _a9788497594455 | ||
| 035 | _a(ES-BaCBU).b31541252 | ||
| 035 | _a(OCoLC)803668027 | ||
| 040 |
_aES-BaBC _bcat _cES-BaBC |
||
| 041 | _aspa | ||
| 050 |
_aPQ6672.A89 _bE74 2002 |
||
| 100 |
_aVázquez Montalbán, Manuel _d1939-2003 _97773 _eauthor |
||
| 245 | 1 | 0 |
_aErec y Enide _c/ Manuel Vázquez Montalbán. |
| 260 |
_aBarcelona : _bDebolsillo, _c2003. |
||
| 300 |
_a252 pages ; _c19 cm |
||
| 490 |
_aBest seller ; _v511 |
||
| 490 |
_aBiblioteca Manuel Vázquez Montalbán ; _v1 |
||
| 520 | _aTres historias que se entrecruzan; tres narraciones independientes que comparten y escenifican el mismo tópico común: la soledad. La soledad de Madrona, mujer de la alta burguesía barcelonesa en sus intentos por reunificar a la familia alrededor de la mesa de Navidad. La soledad de Julio Matasanz, su marido, especialista en literatura medieval y prisionero de su ensimismamiento y sus costumbres. La soledad de Pedro, ahijado de ambos, y Myriam, su mujer, modernos Erec y Enide que se debaten entre su futuro y su presente en medio de la selva guatemalteca. Como en casi toda la obra de Vázquez Montalbán, vida y cultura no siempre se compaginan, y en este caso, como en la leyenda artúrica que da título al libro, propone la necesidad de construir las relaciones, de alimentarlas día tras día, para que los avatares de la existencia no acaben por destruir el amor. | ||
| 520 | _aThree interwoven stories; three independent narratives that share and portray the same central theme: loneliness. The loneliness of Madrona, a woman from Barcelona’s upper bourgeoisie, in her attempts to reunite the family around the Christmas table. The loneliness of Julio Matasanz, her husband, a specialist in medieval literature, imprisoned by his introspection and routines. The loneliness of Pedro, their godson, and Myriam, his wife—modern-day Erec and Enide—caught between their future and present in the midst of the Guatemalan jungle. As in much of Vázquez Montalbán’s work, life and culture do not always go hand in hand, and in this case—just as in the Arthurian legend that gives the book its title—the story suggests the need to build relationships and to nourish them day by day, so that the trials of life do not end up destroying love. | ||
| 650 | 0 |
_aFamily relationships _vFiction |
|
| 942 | _2lcc | ||
| 999 |
_c4666 _d4666 |
||